[Event "GBR-ch KO"]
[Site "London"]
[Date "2015.12.02"]
[Round "2.1"]
[White "Howell, David"]
[Black "Jones, Gawain C B"]
[Result "1-0"]
[WhiteElo "2693"]
[BlackElo "2615"]
[PlyCount "79"]
[EventDate "2015.12.01"]
[EventType "k.o."]
[EventRounds "3"]
[EventCountry "ENG"]
[SourceTitle "CBM 169 Extra"]
[Source "ChessBase"]
[SourceDate "2015.12.18"]
[SourceVersion "1"]
[SourceVersionDate "2015.12.18"]
[SourceQuality "1"]

1. d4 Nf6 2. Nf3 g6 3. c4 Bg7 4. Nc3 O-O 5. e4 d6 6. Be2 e5 7. d5 Na6 8. Bg5 h6
9. Bh4 g5 10. Bg3 Nxe4 11. Nxe4 f5 12. Nc3 f4 13. Nd2 Nc5 14. Nde4 fxg3 15.
hxg3 Nxe4 16. Nxe4 Bf5 17. Bd3 g4 18. Qd2 Qe8 19. O-O-O b5 20. cxb5 a6 21. b6
Bxe4 22. Bxe4 Qa4 23. Qe2 Qxa2 24. b7 Rae8 25. Rh4 Qa1+ 26. Bb1 Qa5 27. Rxg4
Qc5+ 28. Rc4 Qb6 29. Rd2 Qxb7 30. Qe4 Rf6 31. Qh7+ Kf8 32. Bf5 Re7 33. Be6 Ke8
34. Rdc2 Qb6 35. Rc6 Qa7 36. Rxd6 Rxf2 37. Qg6+ Rff7 38. Kb1 Qg1+ 39. Ka2 Qf1
40. Rb6 1-0

[Event "GBR-ch KO"]
[Site "London"]
[Date "2015.12.02"]
[Round "2.5"]
[White "Jones, Gawain C B"]
[Black "Howell, David"]
[Result "0-1"]
[WhiteElo "2615"]
[BlackElo "2693"]
[PlyCount "129"]
[EventDate "2015.12.01"]
[EventType "k.o."]
[EventRounds "3"]
[EventCountry "ENG"]
[SourceTitle "CBM 169 Extra"]
[Source "ChessBase"]
[SourceDate "2015.12.18"]
[SourceVersion "1"]
[SourceVersionDate "2015.12.18"]
[SourceQuality "1"]

1. c4 Nf6 2. Nc3 e5 3. Nf3 Nc6 4. g3 d5 5. cxd5 Nxd5 6. Bg2 Nb6 7. O-O Be7 8.
Rb1 a5 9. d3 O-O 10. Be3 Be6 11. Bxb6 cxb6 12. Qa4 Rc8 13. Rfd1 Bc5 14. e3 Bd7
15. Qe4 Re8 16. a3 f5 17. Qd5+ Be6 18. Qxd8 Rcxd8 19. Rd2 Bb3 20. Bh3 g6 21. g4
Rf8 22. gxf5 gxf5 23. Kh1 Kh8 24. Rg1 f4 25. exf4 Rxf4 26. Rg3 Rdf8 27. Kg2 b5
28. Re2 b4 29. Ne4 Be7 30. axb4 Bxb4 31. Nfg5 Nd4 32. Ree3 Bd5 33. Kg1 h6 34.
Nc3 Bc6 35. Nge4 Be7 36. Rg6 Kh7 37. Reg3 R4f7 38. Be6 Nxe6 39. Rxe6 Bh4 40.
Rh3 Rf4 41. Rxe5 Bxf2+ 42. Nxf2 Rxf2 43. Re7+ R8f7 44. Rxf7+ Rxf7 45. Rh5 Rd7
46. Rh3 b5 47. Re3 b4 48. Nb1 Bb5 49. Nd2 Bxd3 50. Nb3 a4 51. Nc5 Rg7+ 52. Kf2
Bc2 53. Ne6 Rf7+ 54. Ke1 Ra7 55. Kd2 a3 56. Re1 Bf5 57. Nd4 Bg6 58. Nc6 Rd7+
59. Ke3 axb2 60. Nxb4 b1=Q 61. Rxb1 Bxb1 62. Nc6 Rg7 63. Ne5 Rg2 64. h4 Rh2 65.
Nf3 0-1

[Event "GBR-ch KO"]
[Site "London"]
[Date "2017.12.03"]
[Round "2.5"]
[White "Howell, David"]
[Black "Sadler, Matthew D"]
[Result "1-0"]
[WhiteElo "2676"]
[BlackElo "2685"]
[PlyCount "133"]
[EventDate "2017.12.01"]
[EventType "k.o."]
[EventRounds "3"]
[EventCountry "ENG"]
[SourceTitle "CBM 182"]
[Source "ChessBase"]
[SourceDate "2018.01.17"]
[SourceVersion "1"]
[SourceVersionDate "2018.01.17"]
[SourceQuality "1"]

1. Nf3 Nf6 2. g3 d5 3. Bg2 c5 4. O-O e6 5. b3 Nc6 6. Bb2 Be7 7. c4 d4 8. e3 e5
9. exd4 exd4 10. Re1 O-O 11. d3 Bd6 12. Na3 Bf5 13. Nh4 Bg4 14. Qd2 Qd7 15. Nb5
Bb8 16. f4 a6 17. Na3 Bc7 18. Qf2 Nb4 19. Qf1 Rae8 20. h3 Bf5 21. Nxf5 Qxf5 22.
Rad1 Rxe1 23. Rxe1 Qxd3 24. Bf3 Re8 25. Rxe8+ Nxe8 26. Qe1 Kf8 27. Be4 Qe3+ 28.
Qxe3 dxe3 29. Kf1 Nf6 30. Bxb7 Nh5 31. Kg2 Nxa2 32. Bf3 Nf6 33. Nc2 Nb4 34.
Nxe3 Ke7 35. Nf5+ Kf8 36. Bc3 Ne8 37. Kf2 g6 38. Ne3 Nd6 39. Ke2 Bb6 40. g4 a5
41. h4 Ke7 42. g5 Kd7 43. Bg4+ Kc7 44. f5 Ne4 45. Be5+ Kd8 46. h5 Bc7 47. Bb2
Ng3+ 48. Kf3 Nd3 49. Bf6+ Ke8 50. Nd5 Bd6 51. fxg6 fxg6 52. h6 Ne1+ 53. Kf2
Nd3+ 54. Ke3 Nf1+ 55. Kxd3 Nh2 56. Bh3 Nf3 57. Ke4 Nd2+ 58. Ke3 Nxb3 59. Bc3 a4
60. Bg4 a3 61. Bd1 Nd4 62. Ba4+ Kf8 63. Nf6 a2 64. Nxh7+ Kg8 65. Nf6+ Kh8 66.
Nd7 Bg3 67. Kd3 1-0

[Event "GBR-ch KO"]
[Site "London"]
[Date "2017.12.05"]
[Round "3.2"]
[White "McShane, Luke J"]
[Black "Howell, David"]
[Result "0-1"]
[WhiteElo "2640"]
[BlackElo "2676"]
[PlyCount "112"]
[EventDate "2017.12.01"]
[EventType "k.o."]
[EventRounds "3"]
[EventCountry "ENG"]
[SourceTitle "CBM 182"]
[Source "ChessBase"]
[SourceDate "2018.01.17"]
[SourceVersion "1"]
[SourceVersionDate "2018.01.17"]
[SourceQuality "1"]

1. e4 e5 2. Nf3 Nc6 3. Bb5 Nf6 4. d3 Bc5 5. Bxc6 dxc6 6. Qe2 Bg4 7. Bg5 Qd6 8.
Nbd2 Nd7 9. h3 Bxf3 10. Nxf3 Nf8 11. O-O-O Ne6 12. Be3 O-O-O 13. Bxc5 Qxc5 14.
Qe3 f6 15. Qxc5 Nxc5 16. Nh4 Ne6 17. Nf5 g6 18. Ne3 Kd7 19. b3 Ke7 20. Kb2 a5
21. a4 b6 22. h4 Rhf8 23. Rde1 Kf7 24. g3 Rde8 25. Rhf1 Kg7 26. Kc3 Rf7 27. f3
Rff8 28. Rf2 Rf7 29. h5 g5 30. Nf5+ Kf8 31. Ref1 Rd7 32. Ne3 Rg7 33. Ng2 Kf7
34. f4 gxf4 35. gxf4 Reg8 36. Ne3 Nxf4 37. Nf5 Rg5 38. Nh6+ Kg7 39. Nxg8 Kxg8
40. Rh1 c5 41. Kc4 c6 42. c3 Kf7 43. d4 cxd4 44. cxd4 Ke6 45. dxe5 Kxe5 46. Rd1
Kxe4 47. Re1+ Kf5 48. h6 Rh5 49. Kd4 Rh4 50. Rff1 Rxh6 51. Rh1 Rxh1 52. Rxh1 h5
53. Ke3 Ke5 54. Kf3 Nd3 55. Rxh5+ Kd4 56. Ke2 Nf4+ 0-1

[Event "GBR-ch KO"]
[Site "London"]
[Date "2017.12.09"]
[Round "3.4"]
[White "McShane, Luke J"]
[Black "Howell, David"]
[Result "0-1"]
[WhiteElo "2640"]
[BlackElo "2676"]
[PlyCount "130"]
[EventDate "2017.12.01"]
[EventType "k.o."]
[EventRounds "3"]
[EventCountry "ENG"]
[SourceTitle "CBM 182"]
[Source "ChessBase"]
[SourceDate "2018.01.17"]
[SourceVersion "1"]
[SourceVersionDate "2018.01.17"]
[SourceQuality "1"]

1. e4 e5 2. Nf3 Nc6 3. Bb5 a6 4. Ba4 Nf6 5. d3 d6 6. c3 g6 7. O-O Bg7 8. Re1
O-O 9. Nbd2 b5 10. Bc2 Bb7 11. Nf1 Nb8 12. d4 Nbd7 13. Ng3 Re8 14. a4 c6 15.
Be3 Qc7 16. h3 exd4 17. cxd4 c5 18. d5 Nb6 19. Qc1 b4 20. Bh6 Bh8 21. a5 Nbd7
22. Ba4 Ne5 23. Bxe8 Nxf3+ 24. gxf3 Rxe8 25. Qd2 Nd7 26. f4 Bd4 27. Kh2 Bc8 28.
f3 Qd8 29. Bg5 Qc7 30. Bh6 Qd8 31. Bg5 Qc7 32. Re2 Bg7 33. Rg2 h6 34. Bh4 Kh7
35. Nf5 Bh8 36. Ne3 Nf6 37. Ng4 Bxg4 38. hxg4 Nd7 39. Re2 Bd4 40. Kg2 f6 41.
Bf2 Bxf2 42. Rxf2 Kg7 43. Kg3 Rh8 44. Rh2 g5 45. Rah1 Nf8 46. Rh5 Ng6 47. Qh2
Nh4 48. Rxh4 gxh4+ 49. Qxh4 c4 50. Qh5 c3 51. bxc3 Qxc3 52. Qf5 Qc7 53. Rb1 Rb8
54. g5 fxg5 55. fxg5 Qe7 56. gxh6+ Kh8 57. Rc1 b3 58. Rc8+ Rxc8 59. Qxc8+ Kh7
60. Kf2 b2 61. Qb8 Qe5 62. Qb4 Qh2+ 63. Ke3 Qg1+ 64. Kf4 b1=Q 65. Qxd6 Qh2+ 0-1

[Event "GBR-ch KO"]
[Site "London"]
[Date "2019.12.02"]
[Round "2.1"]
[White "Jones, Gawain C B"]
[Black "Howell, David"]
[Result "0-1"]
[WhiteElo "2683"]
[BlackElo "2676"]
[PlyCount "130"]
[EventDate "2019.12.01"]
[EventType "k.o."]
[EventRounds "3"]
[EventCountry "ENG"]
[SourceTitle "CBM 193 Extra"]
[Source "ChessBase"]
[SourceDate "2020.01.31"]
[SourceVersion "1"]
[SourceVersionDate "2020.01.31"]
[SourceQuality "1"]

1. e4 e6 2. d4 d5 3. e5 c5 4. c3 Nc6 5. Nf3 Qb6 6. Be2 cxd4 7. cxd4 Nh6 8. Bxh6
Qxb2 9. Nbd2 gxh6 10. O-O Nxd4 11. Rb1 Nxe2+ 12. Qxe2 Qa3 13. Nd4 a6 14. Rfc1
Bg7 15. Nf1 Qe7 16. Ng3 f6 17. Qh5+ Kd8 18. f4 fxe5 19. fxe5 Rf8 20. Rb6 Bd7
21. Rd6 Qxd6 22. exd6 Bxd4+ 23. Kh1 Rc8 24. Re1 Rc4 25. Qxh6 Re8 26. Qxh7 Bc5
27. Nh5 Bxd6 28. Nf6 Re7 29. Qg8+ Kc7 30. Nxd7 Kxd7 31. Rb1 Kc7 32. g3 d4 33.
Qa8 Kc6 34. Qf8 e5 35. Qd8 Rc7 36. a4 d3 37. a5 Kc5 38. Qg5 Kd4 39. Re1 e4 40.
Qg6 Kd5 41. Rf1 Be5 42. Rf8 R7c6 43. Qg5 Kd4 44. Re8 R6c5 45. Kg2 Rc2+ 46. Kh3
d2 47. Qd8+ Kc3 48. Rxe5 Rxe5 49. Qc7+ Kb3 50. Qxb7+ Rb5 51. Qf7+ Kb2 52. Qf6+
Kb1 53. Qd4 e3 54. Qd3 Rxa5 55. Qb3+ Rb2 56. Qd3+ Ka1 57. Qf1+ Rb1 58. Qf6+ Ka2
59. Qf7+ Rb3 60. Qf3 Rd3 61. Qd1 Kb2 62. Kg2 Ra1 63. Qe2 Kc3 64. Qh5 d1=Q 65.
Qc5+ Kb2 0-1

[Event "GBR-ch KO"]
[Site "London"]
[Date "2019.12.04"]
[Round "2.6"]
[White "Jones, Gawain C B"]
[Black "Howell, David"]
[Result "0-1"]
[WhiteElo "2683"]
[BlackElo "2676"]
[PlyCount "86"]
[EventDate "2019.12.01"]
[EventType "k.o."]
[EventRounds "3"]
[EventCountry "ENG"]
[SourceTitle "CBM 193 Extra"]
[Source "ChessBase"]
[SourceDate "2020.01.31"]
[SourceVersion "1"]
[SourceVersionDate "2020.01.31"]
[SourceQuality "1"]

1. e4 c6 2. Nc3 d5 3. Nf3 dxe4 4. Nxe4 Nf6 5. Qe2 Nxe4 6. Qxe4 Qa5 7. b4 Qf5 8.
Qe3 Qe6 9. Be2 Qxe3 10. fxe3 f6 11. a4 e5 12. Ba3 Bf5 13. d3 Nd7 14. O-O Bg6
15. e4 a5 16. b5 cxb5 17. axb5 Bxa3 18. Rxa3 b6 19. Nh4 Ke7 20. Kf2 Rac8 21. c3
Rc7 22. Ke3 Rhc8 23. Kd2 Nc5 24. Rf3 Kf8 25. Rh3 Be8 26. Nf5 g6 27. Ne3 Kg7 28.
Nd5 Rb7 29. c4 Bf7 30. Nc3 Rd8 31. Ke3 f5 32. exf5 gxf5 33. Na4 Nxa4 34. Rxa4
Bg6 35. Ra3 Rbd7 36. Kd2 f4 37. Bg4 Rd6 38. Ke2 e4 39. dxe4 Bxe4 40. c5 bxc5
41. Ra4 Bxg2 42. Rc3 Re8+ 43. Kf2 Rd2+ 0-1